Európska identita, masové médiá a kultúra vybrané aspekty

Bibliographic Details
Other Authors: Fichnová, Katarína, 1971- (Editor), Gero, Štefan, 1942- (Reviewer), Poliaková, Eva, 1952- (Reviewer)
Format: Book
Language:Slovak
PhysicalDescription:178 s. fotogr., grafy, ilustr., tab. 21 cm
Published: Nitra Univerzita Konštantína Filozofa 2010
ISBN:9788080948498 (brož.)
Edition:1. vyd.
Subjects:

MARC

LEADER 00000nam a2200000 a 4500
001 vtls010656485
003 SK-MaSNL
005 20260302053422.0
008 160610s2010 xo odf f n 000 0 slo
015 |a SNBA2015/03 
020 |a 9788080948498 (brož.) 
035 |a 789F8766-3F6B-4DED-A73C-C4F2EB4DA198 
035 |a urn:nbn:sk:snk-amksf4 
035 |a urn:nbn:sk:snk-am005ajw 
040 |a SNK  |b slo  |c SNK  |e AACR2 
041 0 |a slo  |b eng 
044 |a xo  |c SK 
072 7 |a 316.4/.7  |x Sociálne interakcie  |2 konspekt 
080 |a 316.344.8(4)  |2 2001 
080 |a 316.774  |2 2001 
080 |a 316.7  |2 2001 
080 |a (048.8)  |2 2001 
080 |a (082)  |2 2001 
245 0 0 |a Európska identita, masové médiá a kultúra  |b vybrané aspekty  |c Katarína Fichnová editor ; recenzenti: Štefan Gero, Eva Poliaková 
250 |a 1. vyd. 
260 |a Nitra  |b Univerzita Konštantína Filozofa  |c 2010 
300 |a 178 s.  |b fotogr., grafy, ilustr., tab.  |c 21 cm 
366 |e 100 výt. 
504 |a Bibliogr. ; bibliogr. odkazy ; pozn. 
546 |a Res. angl. 
650 0 7 |a európanstvo  |2 SNKPH  |9 4885 
650 0 7 |a European identity  |2 SNKPHeng  |9 302831 
650 0 7 |a masmédiá  |2 SNKPH  |9 1418 
650 0 7 |a Mass media  |2 SNKPHeng  |9 90498 
650 0 7 |a kultúra  |2 SNKPH  |9 886 
650 0 7 |a Culture  |2 SNKPHeng  |9 265082 
655 7 |a štúdie  |2 SNKPH  |9 57033 
655 7 |a Studies  |2 SNKPHeng  |9 265573 
655 7 |a Miscellanea  |2 SNKPHeng  |9 265155 
655 7 |a zborníky  |2 SNKPH  |9 70165 
700 1 |a Fichnová, Katarína,  |d 1971-  |4 edt  |9 23684 
700 1 |a Gero, Štefan,  |d 1942-  |4 rev  |9 154386 
700 1 |a Poliaková, Eva,  |d 1952-  |4 rev  |9 194479 
919 |a 978-80-8094-849-8 
958 |a NB 
999 |c 1109321  |d 1111251 
952 |a SNK  |b SNK  |y PREZ  |7 0  |p 17A1138795  |o snkSC 163246  |i snk2015/6351  |8 0  |0 0  |1 0  |4 0  |d 2015-02-23  |f 1  |l 0  |r 2025-08-27 00:00:00  |w 2026-02-24 
952 |a SNK  |b SNK  |y VYP  |7 0  |p 17A1138796  |o snkSC 163246 D1  |i snk2015/6352  |8 0  |0 0  |1 0  |4 0  |d 2015-02-23  |l 0  |r 2026-02-24 17:56:18  |w 2026-02-24